[Event "AUTO-OPEN-4329"]
[Site "http://www.queenalice.com/game.php?id=1776997"]
[Date "2021.12.12"]
[Round "1"]
[White "cavaliernoir"]
[Black "Becket"]
[Result "0-1"]
[WhiteElo "1507"]
[BlackElo "1772"]

1. e4 e5 2. Nf3 d6 3. d3 Be7 4. c4 Nf6 5. h3 b6 6. b4 Nbd7 7. Be2 Bb7 8. O-O h6
9. Nh4 c5 10. a3 g6 11. Nf3 a6 12. Nfd2 cxb4 13. axb4 a5 14. b5 Nc5 15. Ba3 Nfd7
16. Nc3 Ne6 17. Bg4 Nd4 18. Nd5 Bxd5 19. exd5 Nf6 20. Be2 O-O 21. Bf3 Nxf3+ 22.
Nxf3 Nh7 23. Bc1 Bg5 24. Ba3 Be7 25. Qd2 Ng5 26. Nxg5 Bxg5 27. Qe2 Be7 28. Qe3
Bg5 29. Qe2 f5 30. Bb2 Bf6 31. g3 Re8 32. Rab1 e4 33. d4 a4 34. Qe3 Qc8 35. Rfc1
Bg5 36. f4 exf3 37. Qxf3 Bxc1 38. Rxc1 Re4 39. Kg2 Ra5 40. g4 Kh7 41. gxf5 Qxf5
42. Bc3 Ra7 43. Qxf5 gxf5 44. Rf1 Kg6 45. Rd1 a3 46. Kf3 a2 47. Ba1 Rh4 48. Kg3
Re4 49. Kf3 Ra3+ 50. Kg2 Rae3 51. Rd2 Re2+ 52. Rxe2 Rxe2+ 53. Kf3 Rc2 54. Ke3
Rxc4 55. Kd3 Rb4 56. Kc3 Rxb5 57. Kc2 Rxd5 58. Kb3 Ra5 59. Kc4 Kg5 60. Kd3 b5
61. Kc3 f4 62. Kd3 Ra3+ 63. Ke2 Rxh3 64. d5 Kg4 65. Kf2 b4 66. Ke2 f3+ 0-1

[Event "AUTO-OPEN-4331"]
[Site "http://www.queenalice.com/game.php?id=1777557"]
[Date "2021.12.18"]
[Round "1"]
[White "Deo"]
[Black "cavaliernoir"]
[Result "1-0"]
[WhiteElo "2127"]
[BlackElo "1563"]

1. e4 e5 2. Nf3 Nf6 3. d4 exd4 4. e5 Nd5 5. Qxd4 c6 6. c4 Nb6 7. Nc3 d5 8. cxd5
cxd5 9. Bb5+ Bd7 10. O-O Nc6 11. Bxc6 Bxc6 12. Re1 Be7 13. e6 f6 14. Qg4 O-O 15.
Bh6 g6 16. Bxf8 Qxf8 17. Nd4 Nc4 18. b3 Ne5 19. Qh3 Bc5 20. Rad1 1-0

[Event "AUTO-OPEN-4331"]
[Site "http://www.queenalice.com/game.php?id=1777558"]
[Date "2021.12.18"]
[Round "1"]
[White "cavaliernoir"]
[Black "Deo"]
[Result "0-1"]
[WhiteElo "1553"]
[BlackElo "2054"]

1. e4 e5 2. Nf3 Nf6 3. d3 Nc6 4. Be2 Bc5 5. O-O h6 6. Nc3 d6 7. a3 a5 8. Na4 Ba7
9. c3 O-O 10. b4 Be6 11. b5 Ne7 12. c4 Nh7 13. Bd2 f5 14. exf5 Nxf5 15. Bxa5 Nd4
16. Rc1 Nxe2+ 17. Qxe2 Bg4 18. Qe4 Bxf3 19. gxf3 Ng5 20. Qxb7 Nxf3+ 21. Kh1 Qh4
22. Qxf3 Rxf3 23. Kg2 Rh3 24. Rh1 Rf8 25. Rcf1 Qg4# 0-1

[Event "AUTO-OPEN-4331"]
[Site "http://www.queenalice.com/game.php?id=1777599"]
[Date "2021.12.18"]
[Round "1"]
[White "PopowskiF"]
[Black "cavaliernoir"]
[Result "1-0"]
[WhiteElo "2229"]
[BlackElo "1537"]

1. e4 e5 2. Nf3 Nf6 3. Nxe5 d6 4. Nf3 Nxe4 5. d4 d5 6. c4 c6 7. Nc3 Nxc3 8. bxc3
Be6 9. Qa4 Bd6 10. Bd3 g6 11. Bh6 dxc4 12. Be4 b5 13. Bxc6+ Nxc6 14. Qxb5 Bd7
15. Qxc4 Qe7+ 16. Kf1 Na5 17. Qd5 Nc6 18. Re1 Qxe1+ 19. Kxe1 Bc7 20. Bg7 Rg8 21.
Bf6 Ba5 22. Kd2 Rb8 23. Re1+ Kf8 24. Qd6+ 1-0

[Event "AUTO-OPEN-4331"]
[Site "http://www.queenalice.com/game.php?id=1777600"]
[Date "2021.12.18"]
[Round "1"]
[White "cavaliernoir"]
[Black "PopowskiF"]
[Result "0-1"]
[WhiteElo "1552"]
[BlackElo "2228"]

1. e4 e5 2. Nf3 Nc6 3. Bc4 Nf6 4. d3 Bc5 5. O-O d6 6. Nbd2 Bg4 7. a3 O-O 8. b4
Bd4 9. Rb1 Bc3 10. Qe2 Nd4 11. Qe3 Nxc2 12. Qe2 Nd4 13. Qe3 Nc2 14. Qe2 Bxd2 15.
Bxd2 Nd4 16. Qe3 Bxf3 17. gxf3 Nh5 18. Bd5 Nf4 0-1

[Event "AUTO-INT-3726"]
[Site "http://www.queenalice.com/game.php?id=1777778"]
[Date "2021.12.20"]
[Round "1"]
[White "cavaliernoir"]
[Black "NickThorp"]
[Result "1-0"]
[WhiteElo "1533"]
[BlackElo "1622"]

1. e4 e5 2. Nf3 Nc6 3. d3 d6 4. c3 Bg4 5. Be2 Nf6 6. O-O Qd7 7. Nbd2 Be7 8. Qb3
O-O-O 9. Qxf7 Rdf8 10. Qxg7 Rfg8 11. Qh6 Rg6 12. Qe3 Kb8 13. d4 exd4 14. cxd4 d5
15. e5 Ne4 16. Nxe4 dxe4 17. Qxe4 Bxf3 18. Bxf3 Rhg8 19. Bd2 Nxd4 20. Qxb7# 1-0

[Event "AUTO-INT-3726"]
[Site "http://www.queenalice.com/game.php?id=1777779"]
[Date "2021.12.20"]
[Round "1"]
[White "NickThorp"]
[Black "cavaliernoir"]
[Result "1-0"]
[WhiteElo "1599"]
[BlackElo "1499"]

1. e4 e5 2. Nf3 Nf6 3. Nc3 d6 4. Bb5+ Bd7 5. Bxd7+ Qxd7 6. d3 d5 7. exd5 Nxd5 8.
Nxd5 Qxd5 9. Be3 Nd7 10. Qd2 Qb5 11. Qc3 Bd6 12. O-O O-O-O 13. a4 Qa6 14. b4 b6
15. b5 Qb7 16. a5 f5 17. a6 Qd5 18. Rab1 f4 19. Bd2 h6 20. Rfe1 g5 21. h3 1-0

[Event "AUTO-INT-3726"]
[Site "http://www.queenalice.com/game.php?id=1777780"]
[Date "2021.12.20"]
[Round "1"]
[White "cavaliernoir"]
[Black "Atacante"]
[Result "1-0"]
[WhiteElo "1535"]
[BlackElo "1739"]

1. e4 Nf6 2. d3 e5 3. Nf3 d6 4. Nbd2 Be7 5. Be2 c5 6. c4 Nc6 7. a3 Be6 8. b3 O-O
9. O-O Nd4 10. Nxd4 cxd4 11. b4 Qc7 12. Qb3 b5 13. a4 bxc4 14. dxc4 Rfb8 15. b5
a6 16. Bb2 axb5 17. axb5 Qb6 18. Bd3 Ra7 19. Rxa7 Qxa7 20. Nf3 Rb6 21. Ng5 Qd7
22. Nxe6 Qxe6 23. f3 Nd7 24. Ba3 Nc5 25. Bxc5 dxc5 26. Ra1 g6 27. Ra8+ Kg7 28.
Qa3 Kh6 29. Qa7 Bg5 30. Rf8 Be3+ 31. Kh1 f6 32. Rf7 Kg5 33. Rxh7 1-0

[Event "AUTO-INT-3726"]
[Site "http://www.queenalice.com/game.php?id=1777781"]
[Date "2021.12.20"]
[Round "1"]
[White "Atacante"]
[Black "cavaliernoir"]
[Result "1-0"]
[WhiteElo "1780"]
[BlackElo "1559"]

1. e3 e5 2. Nf3 d6 3. Bc4 Be7 4. d4 e4 5. Nfd2 d5 6. Bb3 Nf6 7. c4 c6 8. cxd5
cxd5 9. Nc3 Be6 10. Nf1 O-O 11. Ng3 Bd6 12. Qe2 a6 13. Bd2 Nc6 14. Qf1 Nb4 15.
O-O-O Nd3+ 16. Kb1 b5 17. f4 Bg4 18. Bc2 Bxd1 19. Nxd1 a5 20. Bxd3 exd3 21. Qxd3
b4 22. Nf5 Bc7 23. h3 Nh5 24. g4 Nf6 25. g5 Ne4 26. h4 g6 27. Nh6+ Kg7 28. h5
Qd6 29. hxg6 Qxg6 30. Ka1 Nxd2 31. Qxd2 Qe4 32. Qh2 Qg6 33. Qg2 f6 34. f5 Qxg5
35. Qxd5 Rfd8 36. Qf7+ Kh8 37. Qxc7 Qg2 38. Nf7+ Kg8 39. Nxd8 Qxh1 40. Qf7+ 1-0

[Event "Challenge"]
[Site "http://www.queenalice.com/game.php?id=1778369"]
[Date "2021.12.27"]
[Round "-"]
[White "cavaliernoir"]
[Black "Atacante"]
[Result "1-0"]
[WhiteElo "1544"]
[BlackElo "1776"]

1. e4 Nf6 2. Nc3 e5 3. Nf3 d6 4. d3 Be7 5. Be2 c5 6. O-O Nc6 7. Nh4 h6 8. Na4 b5
9. Nc3 Nxe4 10. Nxb5 Nxf2 11. Rxf2 Bxh4 12. Rf1 Be6 13. Bf3 d5 14. c4 Nd4 15. b3
Nxf3+ 16. Qxf3 a6 17. Nc3 d4 18. Na4 Qc8 19. Nb6 Bg4 20. Qxa8 Qxa8 21. Nxa8 O-O
22. Nc7 Be2 23. Rf3 Bxf3 24. gxf3 a5 25. Bd2 Rc8 26. Nd5 f5 27. Bxa5 Rc6 28. Be1
Bg5 29. a4 Bd8 30. a5 Ra6 31. f4 e4 32. dxe4 Kh7 33. exf5 Kg8 34. b4 1-0

[Event "Challenge"]
[Site "http://www.queenalice.com/game.php?id=1778370"]
[Date "2021.12.27"]
[Round "-"]
[White "Atacante"]
[Black "cavaliernoir"]
[Result "1-0"]
[WhiteElo "1769"]
[BlackElo "1551"]

1. e3 e5 2. Nf3 d6 3. Bc4 Nf6 4. d3 Be7 5. Nc3 c6 6. a3 d5 7. Ba2 d4 8. exd4
exd4 9. Ne4 c5 10. Qe2 O-O 11. O-O Bg4 12. Re1 b6 13. Nxf6+ Bxf6 14. Qe4 Na6 15.
Qxg4 Qd6 16. Bg5 b5 17. Bxf6 Qxf6 18. Ng5 Qg6 19. Qg3 h6 20. Nxf7 Qxg3 21. hxg3
Rxf7 22. Bxf7+ Kxf7 23. Re5 Kf6 24. Rae1 Rb8 25. Re6+ Kf7 26. Rxa6 Rb7 27. Ree6
Rc7 28. Rec6 Re7 29. Rxc5 Rb7 30. Rd5 Rc7 31. Rxd4 Rxc2 32. Rxa7+ Kg8 33. Rdd7
Rxb2 34. Rxg7+ Kh8 35. Rgb7 1-0